000 00453nam a2200145Ia 4500
008 100122s9999 xx 000 0 und d
082 _b53664
_a799.2
100 _aदुर्वे लालू
245 _aकॉल ऑफ दी टायगर
260 _bआरती प्रकाशन
_c1997
300 _a187
630 _aकॉल ऑफ दी टायगर
730 _aकॉल ऑफ दी टायगर
942 _cBOOK
999 _c430668
_d430665